000 00545nam a2200193 a 4500
001 1769935627584
003 YourLibrary
005 20260201143129.0
008 260201s2003##################000#0#eng##
020 _a9781403915467
082 0 4 _a332.10943
_bPOL
100 1 _aPoloucek, S.,
_eauthor.
245 1 0 _aReforming the Financial Sector in Central European Countries :
260 _bPalgrave Macmillan,
_c2003.
300 _a221 pages
650 0 _aBusiness & Economics.
942 _cENGLISH
040 _aYourLibrary
_beng
_cYourLibrary
999 _c609687
_d609687